[Event "RUS-chT Higher League 2021"]
[Site "Sochi"]
[Date "2021.05.02"]
[Round "2.1"]
[White "Belyakov, Bogdan"]
[Black "Lysyj, Igor"]
[Result "0-1"]
[WhiteElo "2459"]
[BlackElo "2605"]
[Annotator "TA"]
[PlyCount "98"]
[EventDate "2021.05.01"]
[EventType "team-tourn"]
[EventCountry "RUS"]
[SourceTitle "playchess.com"]
[Source "ChessBase"]
[SourceQuality "1"]

{[%evp 9,98,7,2,-33,-29,-33,-35,-35,-32,-32,-37,-35,-41,-31,-42,-39,-27,-25,0,-55,-53,-220,-226,-203,-202,-280,-275,-260,-239,-239,-236,-234,-237,-239,-244,-245,-249,-239,-225,-231,-231,-253,-256,-291,-268,-343,-239,-253,-254,-324,-324,-319,-314,-447,-418,-618,-619,-612,-576,-604,-598,-586,-592,-720,-653,-871,-795,-1329,-1303,-1623,-1507,-12800,-6802,-12795,-6419,-2710,-1679,-29961,-6311,-5691,-4718,-29978,-29980,-29985,-29981,-29981,-29982,-29982,-29983,-29982,-29982]} 1. e4 e5 2. Nf3 Nc6 3. Bc4 Bc5 4. c3 Nf6 5. d4 exd4 6. b4 {C54: Giuoco Piano: 4 c3 Nf6, main lines with 5 d4 and 5 d3.} Bb6 7. e5 {[#]} d5 $1 {White must now prevent ...Ne4.} 8. exf6 {Black is slightly better.} dxc4 9. Qe2+ {is currently scoring better than 9.b5.} Be6 $1 10. b5 $1 Na5 $1 11. fxg7 Rg8 12. Nxd4 Bxd4 13. cxd4 Qd5 $36 {[%mdl 2048] [#] Black fights for an advantage.} 14. f3 $146 (14. O-O $1 $11) ({Predecessor:} 14. O-O Rxg7 15. g3 O-O-O 16. Nc3 Qxd4 17. Bb2 Qg4 18. Qxg4 Rxg4 19. Rad1 b6 20. Rxd8+ Kxd8 {1-0 (43) Shkapenko,P (2424)-Esipenko,A (2701) Chess.com INT 2021}) 14... O-O-O $1 $15 15. Nc3 $2 {Loses the game.} (15. Bb2 $15) 15... Qxd4 $19 {[%mdl 64] Double Attack} 16. Bb2 {and if Ne4 works, White does fine.} Qxg7 ({Avoid the trap} 16... Rxg7 $2 17. Ne4 $18) 17. O-O {[#]} Bh3 $1 18. Rf2 {[#] Threatening Nd5!} Qxg2+ $1 {[%mdl 512]} 19. Rxg2 Rxg2+ 20. Qxg2 Bxg2 21. Re1 Bxf3 22. Re7 Rd2 23. Ba3 Rd7 24. Re8+ Rd8 25. Re5 Bg4 26. Re4 Be6 27. Rh4 Bf5 28. Bb4 b6 29. Bxa5 bxa5 30. Rxc4 {[%mdl 4096] Endgame KRB-KRN} Rd2 31. Ra4 (31. Rf4 {is a better defense.} Be6 32. Rf2) 31... Rc2 32. Nd5 (32. Rxa5 $142 Bh3 33. Na4) 32... Be6 33. Ne7+ Kb7 34. a3 Kb6 35. Rh4 Kxb5 36. Rxh7 c5 37. h4 Ra2 38. Rh5 Rxa3 39. Nd5 a4 40. Nc7+ Kc6 41. Nxe6 fxe6 {KR-KR} 42. Kg2 Ra2+ 43. Kg3 Ra1 44. Re5 a3 45. Rxe6+ Kb5 {Black mates.} 46. Kh2 a2 47. Re2 {[#]} Rh1+ $3 {[%mdl 576] Decoy, Clearance, Promotion} 48. Kxh1 a1=Q+ 49. Kg2 Qd4 {Weighted Error Value: White=0.64/Black=0.05} 0-1

[Event "RUS-chT Higher League 2021"]
[Site "Sochi"]
[Date "2021.05.02"]
[Round "2.2"]
[White "Shomoev, Anton"]
[Black "Derjabin, Ilja"]
[Result "1-0"]
[WhiteElo "2563"]
[BlackElo "2333"]
[Annotator "TA"]
[PlyCount "103"]
[EventDate "2021.05.01"]
[EventType "team-tourn"]
[EventCountry "RUS"]
[SourceTitle "playchess.com"]
[Source "ChessBase"]
[SourceQuality "1"]

{[%evp 21,103,85,96,89,139,136,185,167,176,125,131,88,100,94,92,108,107,72,80,86,82,76,81,33,53,17,74,78,64,64,88,76,72,9,9,9,34,35,128,142,151,160,173,141,200,218,197,204,196,201,190,193,483,483,483,483,417,425,355,216,649,643,643,649,641,641,641,641,641,385,621,610,506,391,373,345,1132,1099,1241,1141,1766,1774,1732,1583]} 1. e4 c5 2. Nf3 Nc6 3. d4 cxd4 4. Nxd4 e5 5. Nb5 a6 6. Nd6+ Bxd6 7. Qxd6 Qf6 8. Qd1 Qg6 9. Nc3 Nge7 10. Be3 O-O 11. Qd2 b5 12. O-O-O {B32: Sicilian: Löwenthal and Kalashnikov Variations.} Rb8 13. Qd6 Qe6 14. Bc5 {[#] White is clearly better.} Re8 $146 ({Predecessor:} 14... f5 15. Nd5 Rf7 16. Nxe7+ Rxe7 17. Qd5 Rf7 18. exf5 Qxd5 19. Rxd5 Bb7 20. Rd6 Rxf5 21. Rxd7 e4 {1-0 (54) Marbot,R (1783)-Medeuf,Y (2049) Madiana 2015}) 15. Nd5 (15. a4 $18) 15... Rb7 $16 16. b3 {Strongly threatening Nc7.} Nxd5 17. exd5 Qxd6 18. Bxd6 Nd8 19. c4 f6 20. cxb5 axb5 21. Bb4 Nf7 22. d6 e4 23. Be2 Ne5 (23... Re5 $11 {remains equal.}) 24. Rhe1 Rb8 25. Rd5 Ba6 26. Kb2 Kf7 27. f4 ({Better is} 27. Rc5 $16) 27... exf3 $1 $11 28. gxf3 Nc6 (28... Re6 {keeps more tension.} 29. f4 Nc6 30. Bd2 Rbe8 31. Bh5+ g6) 29. Bd2 Re5 {White stays focused until the end.} (29... g6 $14) 30. Rxe5 $16 Nxe5 31. f4 Nc6 32. Bc3 Re8 {[#]} (32... Rb6 $16) 33. Bh5+ $1 $18 {[%mdl 64] Discovered Attack} g6 {Threatens to win with ...Rxe1.} 34. Rxe8 Kxe8 {[%mdl 4096] Endgame KBB-KBN} 35. Be2 Kf7 36. a4 b4 (36... Na7 37. Bd4 Nc6) 37. Bxa6 bxc3+ 38. Kxc3 {KB-KN} Ke6 39. b4 {[%cal Bb3b4,Bb4b5][%mdl 32]} Kxd6 40. Bc4 g5 $2 {[#]} (40... Nd8 41. a5 Nc6) 41. b5 $1 {[%cal Rb5c6]} Na5 42. Bd3 Kc5 43. Bxh7 d5 44. fxg5 fxg5 45. Bd3 Nb7 $2 (45... d4+ 46. Kc2 Kb4) 46. Kd2 Kd4 47. Be2 Na5 48. Bd1 Nb7 $2 (48... Nc4+ 49. Kc2 Kc5) 49. Ke2 {White is clearly winning.} Nd6 50. Kf3 Ne4 51. Kg4 Kc5 52. Bc2 {Weighted Error Value: White=0.17/Black=0.40} 1-0

[Event "RUS-chT Higher League 2021"]
[Site "Sochi"]
[Date "2021.05.02"]
[Round "2.3"]
[White "Sergeyev, Alexander"]
[Black "Drygalov, Andrey"]
[Result "1/2-1/2"]
[WhiteElo "2357"]
[BlackElo "2500"]
[Annotator "ChessBase"]
[PlyCount "93"]
[EventDate "2021.05.01"]
[EventType "team-tourn"]
[EventCountry "RUS"]
[SourceTitle "playchess.com"]
[Source "ChessBase"]
[SourceQuality "1"]
[TimeControl "40/5400+30:1800+30"]

1. d4 {[%emt 0:00:00]} Nf6 {[%emt 0:00:00]} 2. c4 {[%emt 0:00:00]} e6 {[%emt 0:00:00]} 3. Nf3 {[%emt 0:01:07]} d5 {[%emt 0:00:00]} 4. Nc3 {[%emt 0:03:21]} c6 {[%emt 0:00:00]} 5. cxd5 {[%emt 0:02:04]} exd5 {[%emt 0:00:00]} 6. Qc2 {[%emt 0:00:10]} Be7 {[%emt 0:01:26]} 7. Bg5 {[%emt 0:00:36]} g6 {[%emt 0:00:46]} 8. e3 {[%emt 0:00:55]} Bf5 {[%emt 0:00:36]} 9. Bd3 {[%emt 0:00:11]} Bxd3 {[%emt 0:00:03]} 10. Qxd3 {[%emt 0:00:08]} Nbd7 {[%emt 0:00:49]} 11. O-O {[%emt 0:02:52]} O-O {[%emt 0:00:45]} 12. Rab1 {[%emt 0:01:26]} a5 {[%emt 0:00:05]} 13. Qc2 {[%emt 0:04:19]} Re8 {[%emt 0:00:46]} 14. Rfd1 {[%emt 0:08:12]} Bd6 {[%emt 0:25:32]} 15. Na4 {[%emt 0:17:44]} Qc7 {[%emt 0:01:31]} 16. Bxf6 {[%emt 0:03:45]} Nxf6 {[%emt 0:01:11]} 17. a3 {[%emt 0:01:23]} Qe7 {[%emt 0:03:53]} 18. Nc5 {[%emt 0:14:15]} Bxc5 {[%emt 0:05:04]} 19. dxc5 {[%emt 0:00:25]} a4 {[%emt 0:02:54]} 20. Rbc1 {[%emt 0:05:02]} Ra5 {[%emt 0:00:56]} 21. Ne1 {[%emt 0:05:03]} Nd7 {[%emt 0:09:04]} 22. Nd3 {[%emt 0:00:40]} Rea8 {[%emt 0:00:23]} 23. Qc3 {[%emt 0:03:40]} Rb5 {[%emt 0:00:48]} 24. Rd2 {[%emt 0:00:59]} Rb3 {[%emt 0:14:08]} 25. Qd4 {[%emt 0:00:28]} Nf8 {[%emt 0:00:10]} 26. Nf4 {[%emt 0:05:43]} Ra5 {[%emt 0:00:49]} 27. Rdc2 {[%emt 0:02:46]} Ne6 {[%emt 0:10:47]} 28. Qe5 {[%emt 0:01:35]} Rab5 {[%emt 0:04:28]} 29. h4 {[%emt 0:00:15]} Qc7 {[%emt 0:01:59]} 30. Qf6 {[%emt 0:00:04]} Qd8 {[%emt 0:00:49]} 31. Qe5 {[%emt 0:00:01]} Ng7 {[%emt 0:04:38]} 32. h5 {[%emt 0:07:47]} Qe8 {[%emt 0:07:56]} 33. Qf6 {[%emt 0:01:12]} Qe4 {[%emt 0:01:44]} 34. Rd2 {[%emt 0:02:46]} Ne8 {[%emt 0:00:29]} 35. Qd8 {[%emt 0:00:29]} Kf8 {[%emt 0:01:21]} 36. hxg6 {[%emt 0:02:23]} hxg6 {[%emt 0:00:02]} 37. Rd4 {[%emt 0:00:23]} Qf5 {[%emt 0:00:45]} 38. Rxa4 {[%emt 0:01:02]} Qf6 {[%emt 0:00:23]} 39. Qd7 {[%emt 0:02:01]} Rxb2 {[%emt 0:01:29]} 40. Ra8 {[%emt 0:00:00]} Qe7 {[%emt 0:00:00]} 41. Qh3 {[%emt 0:02:57]} Kg7 {[%emt 0:02:43]} 42. Qc8 {[%emt 0:03:58]} Rb1 {[%emt 0:02:57]} 43. Rxb1 {[%emt 0:00:28]} Rxb1+ {[%emt 0:00:01]} 44. Kh2 {[%emt 0:00:01]} Kf8 {[%emt 0:00:14]} 45. Qh3 {[%emt 0:04:35]} Kg7 {[%emt 0:06:06]} 46. Qc8 {[%emt 0:02:56]} Kf8 {[%emt 0:00:04]} 47. Qh3 {[%emt 0:02:06]} 1/2-1/2

[Event "RUS-chT Higher League 2021"]
[Site "Sochi"]
[Date "2021.05.02"]
[Round "2.4"]
[White "Gutenev, Alexander"]
[Black "Potapov, Alexander"]
[Result "0-1"]
[WhiteElo "2431"]
[BlackElo "2424"]
[Annotator "NA"]
[PlyCount "118"]
[EventDate "2021.05.01"]
[EventType "team-tourn"]
[EventCountry "RUS"]
[SourceTitle "playchess.com"]
[Source "ChessBase"]
[SourceQuality "1"]
[TimeControl "40/5400+30:1800+30"]

1. e4 {[%emt 0:00:00]} e5 {[%emt 0:00:00]} 2. Nf3 {[%emt 0:00:00]} Nc6 {[%emt 0:00:00]} 3. Bb5 {[%emt 0:00:02]} a6 {[%emt 0:00:00]} 4. Ba4 {[%emt 0:00:15]} Nf6 {[%emt 0:00:00]} 5. O-O {[%emt 0:00:15]} b5 {[%emt 0:00:04]} 6. Bb3 {[%emt 0:00:07]} Bb7 {[%emt 0:00:04]} 7. d3 {[%emt 0:02:07]} Be7 {[%emt 0:00:11]} 8. a3 {[%emt 0:03:27]} O-O {[%emt 0:00:35]} 9. Nc3 {[%emt 0:00:03]} d6 {[%emt 0:00:19]} 10. Ne2 {[%emt 0:01:34]} d5 {[%emt 0:08:00]} 11. exd5 {[%emt 0:00:48]} Nxd5 {[%emt 0:00:14]} 12. Re1 {[%emt 0:00:12]} Kh8 {[%emt 0:10:18]} 13. c3 {[%emt 0:07:17]} f5 {[%emt 0:05:28]} 14. Ng3 {[%emt 0:09:05]} Qd6 {[%emt 0:01:12]} 15. Ng5 {[%emt 0:23:53]} g6 {[%emt 0:15:43]} 16. d4 {[%emt 0:04:07]} e4 {[%emt 0:05:51]} 17. Nh3 {[%emt 0:02:50]} Nd8 {[%emt 0:02:16]} 18. Bh6 {[%emt 0:03:32]} Re8 {[%emt 0:01:55]} 19. a4 {[%emt 0:02:20]} Nf7 {[%emt 0:00:52]} 20. Bd2 {[%emt 0:00:07]} Rad8 {[%emt 0:05:06]} 21. Qe2 {[%emt 0:03:32]} Qb6 {[%emt 0:05:18]} 22. axb5 {[%emt 0:10:18]} axb5 {[%emt 0:00:11]} 23. Nf4 {[%emt 0:04:06]} Bg5 {[%emt 0:07:20]} 24. Bxd5 {[%emt 0:04:18]} Bxd5 {[%emt 0:01:56]} 25. Nxd5 {[%emt 0:01:08]} Rxd5 {[%emt 0:00:06]} 26. Bxg5 {[%emt 0:01:06]} Nxg5 {[%emt 0:00:06]} 27. Qe3 {[%emt 0:00:12]} Ne6 {[%emt 0:02:06]} 28. f3 {[%emt 0:03:10]} Rdd8 {[%emt 0:01:26]} 29. Ne2 {[%emt 0:03:14]} c5 {[%emt 0:08:38]} 30. Rad1 {[%emt 0:02:14]} cxd4 {[%emt 0:04:37]} 31. Nxd4 {[%emt 0:00:46]} Nxd4 {[%emt 0:02:44]} 32. Rxd4 {[%emt 0:00:24]} Rxd4 {[%emt 0:01:19]} 33. cxd4 {[%emt 0:00:08]} f4 {[%emt 0:01:57]} 34. Qxf4 {[%emt 0:01:03]} Qxd4+ {[%emt 0:00:07]} 35. Qe3 {[%emt 0:04:39]} Qxb2 {[%emt 0:00:10]} 36. fxe4 {[%emt 0:00:04]} Qe5 {[%emt 0:01:03]} 37. Rb1 {[%emt 0:00:36]} Ra8 {[%emt 0:00:54]} 38. Qe2 {[%emt 0:01:33]} Ra1 {[%emt 0:01:21]} 39. Rxa1 Qd4+ {[%emt 0:01:02]} 40. Kf1 {[%emt 0:00:00]} Qxa1+ {[%emt 0:00:00]} 41. Kf2 {[%emt 0:01:03]} Qd4+ {[%emt 0:00:32]} 42. Kf3 {[%emt 0:02:10]} b4 {[%emt 0:01:43]} 43. Qb5 {[%emt 0:01:24]} Kg7 {[%emt 0:00:59]} 44. h4 {[%emt 0:03:42]} Qd1+ {[%emt 0:03:37]} 45. Kf4 {[%emt 0:00:49]} Qd6+ {[%emt 0:05:20]} 46. Kf3 {[%emt 0:01:11]} h5 {[%emt 0:01:15]} 47. g3 {[%emt 0:07:48]} Qd1+ {[%emt 0:01:29]} 48. Ke3 {[%emt 0:00:29]} Qe1+ {[%emt 0:00:15]} 49. Kf3 {[%emt 0:00:08]} Qc3+ {[%emt 0:00:06]} 50. Kf4 {[%emt 0:00:45]} b3 {[%emt 0:00:11]} 51. g4 {[%emt 0:04:16]} hxg4 {[%emt 0:04:43]} 52. Qd7+ {[%emt 0:06:17]} Kh6 {[%emt 0:00:18]} 53. Qe7 {[%emt 0:03:16]} Qf3+ {[%emt 0:02:58]} 54. Ke5 {[%emt 0:00:05]} g3 {[%emt 0:00:21]} 55. Qd8 {[%emt 0:04:09]} Qc3+ {[%emt 0:00:07]} 56. Kf4 {[%emt 0:00:13]} g2 {[%emt 0:00:38]} 57. e5 {[%emt 0:02:25]} Qc1+ {[%emt 0:00:40]} 58. Kf3 {[%emt 0:00:32]} Qf1+ {[%emt 0:00:06]} 59. Ke4 {[%emt 0:00:11]} Qf5+ {[%emt 0:00:11]} 0-1

[Event "RUS-chT Higher League 2021"]
[Site "Sochi"]
[Date "2021.05.02"]
[Round "2.5"]
[White "Kokarev, Dmitry"]
[Black "Kezin, Roman"]
[Result "0-1"]
[WhiteElo "2631"]
[BlackElo "2472"]
[Annotator "TA"]
[PlyCount "90"]
[EventDate "2021.05.01"]
[EventType "team-tourn"]
[EventCountry "RUS"]
[SourceTitle "playchess.com"]
[Source "ChessBase"]
[SourceQuality "1"]

{[%evp 11,90,40,56,49,36,29,46,39,49,30,55,22,34,39,61,32,79,12,98,13,33,26,14,17,31,-139,-131,-120,-126,-243,-245,-237,-231,-236,-222,-246,-250,-256,-233,-227,-188,-347,-342,-365,-283,-366,-362,-407,-399,-391,-391,-383,-381,-392,-284,-719,-718,-540,-283,-302,-297,-285,-333,-404,-396,-385,-376,-318,-295,-792,-768,-918,-414,-1488,-1047,-29980,-29981,-29982,-29983,-29975,-29973]} 1. e4 c5 2. Nf3 e6 3. d4 cxd4 4. Nxd4 Nc6 5. Nc3 Qc7 6. Be3 a6 7. Qf3 {B48: Sicilian: Taimanov: 5 Nc3 Qc7 6 Be3 a6 without Be2.} Ne5 8. Qg3 h5 9. Bf4 {White is slightly better.} d6 10. Bg5 b5 11. a3 Bb7 12. O-O-O Nf6 13. f4 (13. Bxf6 $5 gxf6 14. Kb1 $11) 13... Ned7 14. Bd3 {[#]} (14. f5 $16) 14... Rc8 $146 (14... Qb6 $11 {remains equal.} 15. Nb3 Be7) ({Predecessor:} 14... Be7 15. Rhe1 O-O-O 16. Bxf6 gxf6 17. f5 e5 18. Nb3 Nb6 19. Qf3 Kb8 20. Kb1 h4 {½-½ (41) Popov,I (2619)-Iljiushenok,I (2496) Voronezh 2017}) 15. e5 (15. Rhe1 $16 Nc5 16. Bh4) 15... dxe5 $11 {[#]} 16. Nxe6 {[%mdl 64] Deflection} fxe6 17. Bg6+ Ke7 18. fxe5 $2 (18. Rd2 $14 {stays ahead.}) 18... Nxe5 $17 {Black continues to play with concentration.} 19. Bf4 {[#]} h4 $1 20. Qh3 {[#]} (20. Qg5 $2 Rh6 $1 $19) (20. Qe3 $17 Nc4 21. Bxc7 Nxe3 22. Bd6+ Kd7 23. Bxf8+ Nxd1 24. Rxd1+ Nd5 25. Bb4) (20. Qe3 Nc4) 20... Nd3+ $1 $19 {[%mdl 576] Discovered Attack} 21. Qxd3 Qxf4+ 22. Kb1 {[#] And now Rhe1 would win.} Rh6 $1 {[%cal Rh6g6] Threatens to win with ...Rxg6!} ({Inferior is} 22... Bxg2 23. Rhe1 $14) 23. Rhf1 {[#]} Qc7 {Hoping for ...Rd8.} ({And not} 23... Qxh2 24. Rxf6 Kxf6 25. Rf1+ Ke5 26. Re1+ Kf6 27. Rf1+ Kg5 28. Rf5+ Kxg6 29. Rf1+ Be4 30. Qxe4+ Kh5 31. Qf3+ Kg6 32. Qe4+ Kh5 33. Qf3+ Kg6 34. Qd3+ Kh5 35. Qf3+ $11) 24. Rfe1 {[#]} Rxg6 $1 25. Qxg6 Rd8 26. g4 $2 (26. Rxd8 {was worth a try.} Qxd8 27. Qg5) 26... Rxd1+ 27. Rxd1 Qf4 28. h3 Ne4 29. Qh7 Nxc3+ 30. bxc3 Bd5 31. Qxh4+ Kd7 32. Qh8 g5 33. Rd4 $2 (33. a4) 33... Qf1+ 34. Kb2 Bc5 35. Qg7+ Kc6 {( -> ...Bxa3+!)} 36. Rxd5 exd5 ({Less strong is} 36... Kxd5 37. Qxg5+ Kc6 38. Qg8 $17) 37. Qxg5 Qf8 38. Qg6+ Qd6 39. Qe8+ Kb6 40. g5 $2 (40. a4) 40... d4 41. Qe4 dxc3+ (41... Bxa3+ $142 42. Ka2 dxc3 43. Qe3+ Bc5 44. Qxc3 Qd5+ {[%mdl 64] Double Attack} 45. Qb3 Qxg5 46. Qe6+ Ka5 47. Qe1+ Kb6 48. Qe6+ Ka5 49. Qe1+ Bb4) 42. Kb3 (42. Kxc3 $142 Qg3+ 43. Kb2) 42... Qd4 43. Qxd4 Bxd4 {Black mates.} 44. h4 Kc5 45. h5 a5 {Weighted Error Value: White=0.90/Black=0.40} 0-1

[Event "RUS-chT Higher League 2021"]
[Site "Sochi"]
[Date "2021.05.02"]
[Round "2.6"]
[White "Obgolts, Erik"]
[Black "Ulybin, Mikhail"]
[Result "1-0"]
[WhiteElo "2414"]
[BlackElo "2462"]
[Annotator "TA"]
[PlyCount "59"]
[EventDate "2021.05.01"]
[EventType "team-tourn"]
[EventCountry "RUS"]
[SourceTitle "playchess.com"]
[Source "ChessBase"]
[SourceQuality "1"]

{[%evp 10,59,7,9,12,13,20,5,37,22,58,77,74,56,89,77,139,-37,-48,-49,-45,-85,-81,-89,0,0,-18,-147,-97,-96,-81,-80,0,-21,0,35,130,114,210,176,728,734,1198,1178,2538,2430,6018,5922,29991,29992,29993,29994]} 1. e4 e6 2. d4 d5 3. Nc3 Nf6 4. e5 Nfd7 5. f4 c5 6. Nf3 Be7 {C11: French: Classical System: 4 e5 and 4 Bg5 dxe4.} 7. Be3 b6 8. Qd2 a6 {The position is equal.} 9. O-O-O c4 {[#]} 10. Bxc4 $146 ({Predecessor:} 10. f5 b5 11. fxe6 fxe6 12. Ne2 b4 13. c3 Nc6 14. g3 Rb8 15. Bh3 Qa5 16. Kb1 Nb6 17. cxb4 Nxb4 18. Nc3 Na4 19. Ka1 Nxc3 20. bxc3 Nxa2 {0-1 (20) Bezzubenkov,S (2215)-Ulybin,M (2462) Cheliabinsk 2021}) 10... dxc4 11. d5 Bb7 12. d6 {[%mdl 1024] White has strong compensation.} Bf8 ({Black should play} 12... Bh4) 13. Qe2 $2 (13. f5 $1 $16) 13... g6 $15 14. h4 h5 $1 15. Rhg1 b5 16. g4 {[#]} hxg4 (16... b4 $1 $17 {[%cal Rb4c3]} 17. Na4 Qa5) 17. Ng5 $1 $36 {[%mdl 2048] White is pushing.} Bh6 {...Bxg5 is the strong threat.} (17... Rxh4 18. Rxg4 Rh5 19. Rg3 $17) 18. Nce4 (18. Rxg4 $11 Bxg5 19. Rxg5) 18... Bxe4 19. Nxe4 Nc6 ({Wrong is} 19... Qxh4 $2 20. Rxg4 (20. Rh1 Qd8 $11) 20... Qd8 21. Rh1 $18) 20. Rxg4 Nb4 (20... Qb8 $17) 21. Nc3 Rc8 (21... Qc8 $11) 22. Rdg1 $14 Qa5 {[#]} (22... Bf8 $14) 23. Kb1 $1 $16 {aiming for h5!} Nc6 (23... Bg7 $16 {might work better.}) 24. h5 g5 (24... b4 25. Ne4 b3 26. cxb3 cxb3) 25. fxg5 $18 Bg7 26. g6 Bxe5 27. gxf7+ Kxf7 28. Qf3+ Nf6 29. Rg7+ Kf8 30. d7 {Weighted Error Value: White=0.21/Black=0.64} 1-0

[Event "RUS-chT Higher League 2021"]
[Site "Sochi"]
[Date "2021.05.02"]
[Round "2.7"]
[White "Garifullina, Leya"]
[Black "Ovod, Evgenija"]
[Result "1/2-1/2"]
[WhiteElo "2386"]
[BlackElo "2341"]
[Annotator "NA"]
[PlyCount "75"]
[EventDate "2021.05.01"]
[EventType "team-tourn"]
[EventCountry "RUS"]
[SourceTitle "playchess.com"]
[Source "ChessBase"]
[SourceQuality "1"]
[TimeControl "40/5400+30:1800+30"]

1. e4 {[%emt 0:00:00]} e5 {[%emt 0:00:00]} 2. Nf3 {[%emt 0:00:00]} Nc6 {[%emt 0:00:00]} 3. Bb5 {[%emt 0:00:00]} Nf6 {[%emt 0:00:00]} 4. O-O {[%emt 0:00:07]} Bc5 {[%emt 0:00:00]} 5. c3 {[%emt 0:01:38]} O-O {[%emt 0:00:02]} 6. d4 {[%emt 0:02:47]} Bb6 {[%emt 0:00:07]} 7. Re1 {[%emt 0:07:06]} d6 {[%emt 0:00:11]} 8. h3 {[%emt 0:02:09]} Qe7 {[%emt 0:06:21]} 9. Bxc6 {[%emt 0:08:00]} bxc6 {[%emt 0:00:04]} 10. dxe5 {[%emt 0:00:07]} dxe5 {[%emt 0:00:03]} 11. Qa4 {[%emt 0:02:08]} Rb8 {[%emt 0:17:11]} 12. Na3 {[%emt 0:07:04]} Ne8 {[%emt 0:21:48]} 13. Nc4 {[%emt 0:04:23]} f6 {[%emt 0:00:32]} 14. Be3 {[%emt 0:06:06]} Nd6 {[%emt 0:03:01]} 15. Nfd2 {[%emt 0:03:15]} Nxc4 {[%emt 0:09:31]} 16. Nxc4 {[%emt 0:00:53]} Bxe3 {[%emt 0:00:09]} 17. Rxe3 {[%emt 0:00:53]} Qc5 {[%emt 0:00:04]} 18. Re2 {[%emt 0:09:00]} Rd8 {[%emt 0:08:28]} 19. Ne3 {[%emt 0:04:18]} Be6 {[%emt 0:01:17]} 20. Qc2 {[%emt 0:05:09]} a5 {[%emt 0:02:22]} 21. b3 {[%emt 0:03:24]} Rd6 {[%emt 0:02:09]} 22. Rb1 {[%emt 0:03:32]} Qa3 {[%emt 0:04:31]} 23. Qb2 {[%emt 0:02:36]} Qxb2 {[%emt 0:00:46]} 24. Rbxb2 {[%emt 0:01:14]} c5 {[%emt 0:00:17]} 25. Red2 {[%emt 0:01:20]} Kf7 {[%emt 0:09:43]} 26. Kf1 {[%emt 0:01:02]} Ke7 {[%emt 0:05:01]} 27. Ke2 {[%emt 0:00:51]} Kd7 {[%emt 0:00:17]} 28. Rxd6+ {[%emt 0:02:37]} cxd6 {[%emt 0:00:06]} 29. c4 {[%emt 0:00:29]} a4 {[%emt 0:00:45]} 30. Kd3 {[%emt 0:00:29]} axb3 {[%emt 0:00:45]} 31. axb3 {[%emt 0:01:24]} Kc6 {[%emt 0:01:38]} 32. Kc3 {[%emt 0:00:09]} Ra8 {[%emt 0:00:19]} 33. Rd2 {[%emt 0:00:06]} Ra7 {[%emt 0:01:09]} 34. Rd1 {[%emt 0:00:29]} Ra2 {[%emt 0:01:17]} 35. Rd2 {[%emt 0:00:05]} Ra1 {[%emt 0:03:25]} 36. Rd1 {[%emt 0:01:02]} Ra2 {[%emt 0:01:10]} 37. Rd2 {[%emt 0:00:09]} Ra1 {[%emt 0:00:04]} 38. Rd1 {[%emt 0:00:05]} 1/2-1/2

[Event "RUS-chT Higher League 2021"]
[Site "Sochi"]
[Date "2021.05.02"]
[Round "2.8"]
[White "Kolmagorov, Alexey"]
[Black "Pingin, Artem"]
[Result "1/2-1/2"]
[WhiteElo "2129"]
[BlackElo "2347"]
[Annotator "NA"]
[PlyCount "77"]
[EventDate "2021.05.01"]
[EventType "team-tourn"]
[EventCountry "RUS"]
[SourceTitle "playchess.com"]
[Source "ChessBase"]
[SourceQuality "1"]
[TimeControl "40/5400+30:1800+30"]

1. c4 {[%emt 0:00:00]} e6 {[%emt 0:00:00]} 2. g3 {[%emt 0:00:00]} Nf6 {[%emt 0:00:00]} 3. Bg2 {[%emt 0:00:16]} d5 {[%emt 0:00:00]} 4. Nf3 {[%emt 0:00:04]} Be7 {[%emt 0:00:00]} 5. O-O {[%emt 0:00:13]} O-O {[%emt 0:00:00]} 6. d4 {[%emt 0:00:03]} Nbd7 {[%emt 0:00:05]} 7. Qc2 {[%emt 0:00:28]} c6 {[%emt 0:00:06]} 8. Nbd2 {[%emt 0:00:05]} b6 {[%emt 0:00:04]} 9. e4 {[%emt 0:00:13]} dxc4 {[%emt 0:00:04]} 10. Nxc4 {[%emt 0:00:07]} Bb7 {[%emt 0:00:04]} 11. Bf4 {[%emt 0:01:41]} c5 {[%emt 0:00:25]} 12. Rfe1 {[%emt 0:00:47]} cxd4 {[%emt 0:00:06]} 13. Nd6 {[%emt 0:00:48]} Bxd6 {[%emt 0:00:10]} 14. Bxd6 {[%emt 0:00:07]} d3 {[%emt 0:00:02]} 15. Qxd3 {[%emt 0:00:44]} Bxe4 {[%emt 0:00:07]} 16. Qd4 {[%emt 0:00:46]} e5 {[%emt 0:00:06]} 17. Qa4 {[%emt 0:00:20]} Re8 {[%emt 0:00:07]} 18. Rad1 {[%emt 0:00:12]} Bxf3 {[%emt 0:00:13]} 19. Bxf3 {[%emt 0:00:06]} e4 {[%emt 0:00:04]} 20. Bxe4 {[%emt 0:00:04]} Nxe4 {[%emt 0:00:18]} 21. Rxe4 {[%emt 0:00:06]} Rxe4 {[%emt 0:00:04]} 22. Qxe4 {[%emt 0:00:05]} Nc5 {[%emt 0:00:07]} 23. Qf3 {[%emt 0:02:51]} Ne6 {[%emt 0:00:27]} 24. Be7 {[%emt 0:01:08]} Qe8 {[%emt 0:03:03]} 25. Qb7 {[%emt 0:04:50]} Qc8 {[%emt 0:20:29]} 26. Qxc8+ {[%emt 0:17:48]} Rxc8 {[%emt 0:00:05]} 27. Rd7 {[%emt 0:00:15]} Rc7 {[%emt 0:00:18]} 28. Rxc7 {[%emt 0:00:06]} Nxc7 {[%emt 0:00:03]} 29. Kf1 {[%emt 0:01:40]} f6 {[%emt 0:24:17]} 30. Bd6 {[%emt 0:03:35]} Nd5 {[%emt 0:01:34]} 31. Ke2 {[%emt 0:01:20]} Kf7 {[%emt 0:00:34]} 32. Kd3 {[%emt 0:03:25]} Ke6 {[%emt 0:00:30]} 33. Bf8 {[%emt 0:01:55]} g6 {[%emt 0:01:28]} 34. Kd4 {[%emt 0:13:08]} Nc7 {[%emt 0:01:56]} 35. Bb4 {[%emt 0:07:02]} Kd7 {[%emt 0:07:01]} 36. Ke4 {[%emt 0:06:48]} Ke6 {[%emt 0:01:25]} 37. Kd4 {[%emt 0:01:46]} Kd7 {[%emt 0:08:05]} 38. Ke4 {[%emt 0:00:11]} Ke6 {[%emt 0:09:55]} 39. Kd4 {[%emt 0:00:05]} 1/2-1/2